000 00347nam a2200133Ia 4500
008 231217s9999 xx 000 0 und d
041 _aEnglish
082 _a001.6424JAV DOW;1 `R1
100 _aDowning,Tray Bryan
245 0 _aJava RMI: Remote method invocation
260 _c1998
_bIDG Books Worldwide,USA
300 _axv+288
942 _cAA
999 _c167422
_d167422